| 000 | 00655nam a22002177a 4500 | ||
|---|---|---|---|
| 005 | 20220418113906.0 | ||
| 008 | 220418b ||||| |||| 00| 0 eng d | ||
| 020 | _a3872944266 | ||
| 040 | _cAL | ||
| 041 | _aGerman | ||
| 082 |
_223 _a323.09515 _bKELT |
||
| 100 |
_aPetra Kelly and others _930088 |
||
| 245 |
_aTibet klagt an: Zur Lage in einem besetzten Land _bMit der Nobelpreisrede des Dalai Lama |
||
| 260 |
_aWuppertal _bPeter Hammer Verlag _c1990 |
||
| 300 |
_a252 p. _bPB _c19x11.5 cm. |
||
| 650 |
_aTibet _930072 |
||
| 700 |
_aKELLY (Petra) _930073 |
||
| 700 |
_aBASTIAN (Gert) _930074 |
||
| 700 |
_aLUDWIG (Klemens) _930075 |
||
| 942 |
_2ddc _cGF |
||
| 999 |
_c222448 _d222448 |
||